Patrick Swayze Movies Quiz - Statistics

General Stats
  • This quiz has been taken 3,415 times
  • The average score is 6 of 32
Answer Stats
Year Movie % Correct
1987 Dirty Dancing
94%
1990 Ghost
82%
1989 Road House
64%
1984 Red Dawn
38%
1991 Point Break
37%
1983 The Outsiders
36%
2004 Dirty Dancing: Havana Nights
24%
2001 Donnie Darko
22%
1995 To Wong Foo Thanks for Everything, Julie Newmar
19%
1998 Black Dog
18%
1989 Next of Kin
18%
1987 Steel Dawn
13%
2005 Keeping Mum
12%
1986 Youngblood
12%
1993 Father Hood
11%
1992 City of Joy
10%
2009 Powder Blue
10%
2007 Christmas in Wonderland
9%
2007 Jump!
9%
1995 Tall Tale
9%
1988 Tiger Warsaw
9%
2003 11:14
8%
1984 Grandview, U.S.A.
8%
2001 Green Dragon
8%
1998 Letters from a Killer
8%
2003 One Last Dance
8%
1979 Skatetown, U.S.A.
8%
1995 Three Wishes
8%
1983 Uncommon Valor
8%
2002 Waking Up in Reno
8%
2000 Forever Lulu
7%
2004 George and the Dragon
7%
No matching quizzes found
Score Distribution
Percent of People with Each Score
Percentile by Number Answered
Your Score History
You have not taken this quiz